Visualizzazione normale
Vista MARC
- DOCUMENTARIO
di Topical Term
Records bibliografici associati: 1
001 - CONTROL NUMBER
- control field: 37657
003 - CONTROL NUMBER IDENTIFIER
- control field: IT-RoPau
005 - DATE AND TIME OF LATEST TRANSACTION
- control field: 20151125171937.0
008 - FIXED-LENGTH DATA ELEMENTS
- fixed length control field: 151125|| aca||aabn | a|a d
040 ## - CATALOGING SOURCE
- Original cataloging agency: IT-RoPau
- Transcribing agency: IT-RoPau
150 ## - HEADING--TOPICAL TERM
- Topical term or geographic name entry element: DOCUMENTARIO
- : DVD-VARI [DVD]
- General subdivision: Codice MATERIA SPICS: 9946
670 ## - SOURCE DATA FOUND
- Source citation: Work cat.: (IT-RoPau)104786: Scorsese Martin Codice regista SPICS: 1404 37655, MARTIN SCORSESE - VIAGGIO NEL CINEMA AMERICANO MARTIN SCORSESE - VIAGGIO NEL CINEMA AMERICANO (Rif. Codice opera principale : H5425)